000 00530nam a2200181Ia 4500
001 8147
005 20260306160547.0
008 260306t2014||||xx |||||||||||||| ||spa||
041 _aESP
082 _a370.15
_bM86
100 _aMoraine, Paula
_eAUT
245 0 _aLas funciones ejecutivas del estudiante:
_bmejorar la atención, la memoria, la organización y otras funciones para facilitar el aprendizaje
260 _c2014
300 _a172 páginas :
_c22 cm.
650 _aGEN
654 _aCED
942 _cLIB
_dJUS
_fJUS
_2ddc
_n
999 _c8147
_d8147